[Event "36th Zalakaros Festival 2017"]
[Site "Zalakaros"]
[Date "2017.05.20"]
[Round "3"]
[White "Chernyshov, Konstantin"]
[Black "Kovalenko, Igor"]
[Result "1/2-1/2"]
[WhiteElo "2485"]
[BlackElo "2657"]
[Annotator "TA"]
[PlyCount "102"]
[EventDate "2017.??.??"]
[EventType "swiss"]
[EventCountry "HUN"]
[SourceTitle "playchess.com"]
[Source "ChessBase"]
[SourceQuality "1"]

{[%evp 12,102,9,15,18,-26,-15,-34,-11,-13,-16,-17,-13,-11,-17,-11,-19,-19,-17,-14,-14,-25,-29,-28,-20,-29,-28,-23,-25,-37,-29,-31,-29,-32,-31,-38,-38,-74,0,0,19,24,16,17,18,13,27,24,31,26,59,31,40,29,48,46,71,83,158,45,58,0,0,0,0,0,0,0,0,0,0,0,0,0,0,0,0,0,0,0,0,0,0,0,0,0,0,0,0,0,0,0,0]} 1. e4 c5 2. Nf3 Nc6 3. Bb5 g6 4. O-O Bg7 5. Re1 Nf6 6. d3 {B31: Sicilian: 2...Nc6 3 Bb5 g6} (6. Nc3 O-O 7. e5 Ng4 8. Bxc6 dxc6 9. d3 Nh6 10. Ne4 b6 11. Bf4 Bg4 12. h3 Bxf3 13. Qxf3 Nf5 14. c3 f6 15. exf6 exf6 16. g4 Nh4 17. Qg3 {0-1 (42) Ponomariov,R (2709)-Gelfand,B (2743) Tashkent 2016}) 6... O-O 7. h3 {LiveBook: 7 Games} Ne8 8. c4 $146 ({Predecessor:} 8. c3 Nc7 9. Ba4 b5 10. Bc2 d6 11. d4 cxd4 12. cxd4 e5 13. d5 Ne7 {½-½ (32) Nunez V,D (2208)-Lopez Hernandez,C (2321) Medellin 2014}) 8... Nc7 9. Nc3 Nd4 10. Ba4 Nxf3+ 11. Qxf3 d6 12. Qg3 a6 13. Rb1 Ne6 14. Bd2 b5 15. cxb5 Bd7 16. Bb3 axb5 17. Ne2 Rc8 18. Bc3 Bxc3 19. Nxc3 Nd4 20. Ne2 Nxe2+ 21. Rxe2 c4 22. dxc4 bxc4 23. Bc2 Qa5 24. e5 dxe5 (24... d5 $17 25. b3 cxb3 26. Bxb3 Bf5) 25. Rxe5 $11 Qd2 (25... Qxa2 $5 {[%cal Rc4c3]} 26. Rxe7 Bc6 $11) 26. Qc3 Qxc3 27. bxc3 e6 28. Rb4 Rc7 29. a4 Rfc8 30. f4 f6 31. Re4 Rc5 32. Bd1 e5 33. Be2 Bf5 34. Rexc4 {Black must now prevent a5!} exf4 {[#]} (34... Kf7 $142) 35. Rxc5 (35. a5 $1 $16 {[%cal Ra5a6] Threatens to win with a6.} Re5 36. Rxc8+ Bxc8 37. Kf2) 35... Rxc5 $16 {[%mdl 4096] Endgame KRB-KRB} 36. Rc4 (36. Rxf4 $14 Rxc3 37. a5) 36... Re5 $11 {The position is equal.} 37. Bg4 Bxg4 38. hxg4 {KR-KR} g5 39. Kf2 Kf7 40. Rb4 Kg6 41. Rb5 Re4 42. Rb4 $1 {[%cal Rb4e4]} Re5 43. Rb5 Re6 44. a5 Ra6 45. Kf3 h5 46. gxh5+ Kxh5 47. Rb6 Rxa5 {And now ...Kg6 would win.} 48. Rxf6 Rc5 (48... Ra3 $5 {[%cal Ra3c3]}) 49. g4+ fxg3 $1 50. Kxg3 Rxc3+ 51. Kg2 Kg4 {Precision: White = 61%, Black = 62%.} 1/2-1/2

[Event "36th Zalakaros Festival 2017"]
[Site "Zalakaros"]
[Date "2017.05.20"]
[Round "3"]
[White "Gasanov, Eldar"]
[Black "Banusz, Tamas"]
[Result "0-1"]
[WhiteElo "2484"]
[BlackElo "2616"]
[Annotator "TA"]
[PlyCount "82"]
[EventDate "2017.??.??"]
[EventType "swiss"]
[EventCountry "HUN"]
[SourceTitle "playchess.com"]
[Source "ChessBase"]
[SourceQuality "1"]

{[%evp 12,82,0,-1,6,8,9,0,0,0,-6,-2,0,-32,-17,-31,-34,-68,-58,-49,-41,-30,-25,-44,0,-13,0,0,20,0,31,0,0,-47,-46,-88,-17,-17,-20,-23,-17,-36,-33,-29,-27,-30,0,-2,-4,-10,-5,-15,-2,-38,-7,-6,-8,-12,-11,-24,-23,-120,-85,-286,-257,-266,-246,-12841,-12840,-12841,-731,-637,-617]} 1. c4 Nf6 2. Nc3 e5 3. e3 Bb4 4. Nge2 O-O 5. a3 Be7 6. d4 exd4 7. Qxd4 {LiveBook: 10 Games. A22: English Opening: 1...e5 2 Nc3 Nf6} Na6 $146 ({Predecessor:} 7... c6 8. Nf4 Na6 9. Be2 Nc5 10. Rb1 d5 11. b4 Ne6 12. Nxe6 Bxe6 13. cxd5 Nxd5 14. Nxd5 Bxd5 15. f3 Bh4+ 16. g3 Bf6 17. Qd2 Re8 18. Bb2 Bxb2 {½-½ (18) Grachev,B (2683)-Nyzhnyk,I (2607) Denizli 2013}) 8. Qd1 Nc5 9. Nf4 {The position is equal.} a5 10. b3 c6 11. Be2 d6 12. Nd3 Bf5 13. Nxc5 dxc5 14. f3 Bd6 15. e4 Bg6 (15... Nxe4 $5 16. fxe4 Qh4+ 17. Kf1 Be5 $15) 16. Be3 Qc7 17. g3 $1 h5 18. Qc2 h4 19. O-O-O hxg3 20. hxg3 Bxg3 21. Bxc5 Rfd8 22. Rxd8+ Rxd8 23. Rd1 Be5 ({Better is} 23... Nh5 $17) 24. Rxd8+ $11 Qxd8 25. Qd2 Qc7 26. Be3 Nh5 27. c5 $1 Nf4 {[#] White must now prevent ...Bxc3.} 28. Bd1 f5 29. b4 axb4 30. axb4 fxe4 31. fxe4 Bf7 $36 {[%mdl 2048] Black has good play.} 32. Bd4 Ne6 (32... Bc4 $5 {[%cal Rf4d3]} 33. Bxe5 Qxe5 $15) 33. Bxe5 Qxe5 34. Bb3 Nd4 35. Bxf7+ Kxf7 36. Qa2+ (36. Qf2+ $11 {remains equal.} Qf6 37. Qg3) 36... Ke7 $17 {aiming for ...Qf4+.} 37. Qg8 $2 (37. Qg2 $17) 37... Qg5+ $19 38. Kb1 {[#]} Qg2 $1 {[%cal Rg2c2] ( -> ...Qc2+)} 39. Qa2 $2 (39. Ka1 Nc2+ 40. Kb2) 39... Qf1+ {Black is clearly winning.} 40. Kb2 Qf2+ (40... Qd3 $142 41. Qb1 Qd2+ 42. Ka1 Qxc3+ 43. Qb2 Qd3) 41. Ka1 Qe1+ {Precision: White = 47%, Black = 54%.} 0-1

[Event "36th Zalakaros Festival 2017"]
[Site "Zalakaros"]
[Date "2017.05.20"]
[Round "3"]
[White "Czebe, Attila"]
[Black "Del Rey, Diego"]
[Result "1/2-1/2"]
[WhiteElo "2475"]
[BlackElo "2352"]
[Annotator "TA"]
[PlyCount "22"]
[EventDate "2017.??.??"]
[EventType "swiss"]
[EventCountry "HUN"]
[SourceTitle "playchess.com"]
[Source "ChessBase"]
[SourceQuality "1"]

{[%evp 17,22,-33,-22,-85,-91,-104,-103]} 1. c4 e5 2. Nc3 Bb4 {[%cal Bf8b4,Bb4a5,Ba5b6][%mdl 32]} 3. Nd5 Ba5 4. a3 (4. b4 c6 5. bxa5 cxd5 6. cxd5 Qxa5 7. e4 Nf6 8. Qc2 O-O 9. Ne2 d6 10. Nc3 Bd7 11. d3 b5 12. Bd2 b4 13. Nd1 Na6 14. Be2 Rfc8 15. Qb2 {1-0 (46) Van Wely,L (2695)-Adianto,U (2598) Batumi 2001}) 4... c6 5. Nc3 $146 ({Predecessor:} 5. Ne3 d5 6. b4 d4 7. Nc2 Bc7 8. d3 Be6 9. Nf3 Nd7 10. Ng5 Bf5 11. e4 dxe3 12. Bxe3 {0-1 (22) Tsapanidis,V (1770)-Matejovsky,O (1989) Janske Lazne 2013}) 5... d5 6. b4 {A21: English Opening: 1...e5 2 Nc3} Bb6 7. e3 Nf6 8. Bb2 O-O 9. Na4 Bc7 {LiveBook: 16 Games. Black wants to play ...dxc4.} 10. d3 (10. cxd5 $11 Qxd5 11. Rc1) 10... a5 $17 11. b5 d4 1/2-1/2

[Event "36th Zalakaros Festival 2017"]
[Site "Zalakaros"]
[Date "2017.05.20"]
[Round "3"]
[White "Horvath, Adam"]
[Black "Nisipeanu, Liviu-Dieter"]
[Result "0-1"]
[WhiteElo "2469"]
[BlackElo "2686"]
[Annotator "TA"]
[PlyCount "100"]
[EventDate "2017.??.??"]
[EventType "swiss"]
[EventCountry "HUN"]
[SourceTitle "playchess.com"]
[Source "ChessBase"]
[SourceQuality "1"]

{[%evp 10,100,28,26,20,17,20,25,20,21,16,16,24,0,22,-6,-2,0,0,-8,-6,-6,-8,-30,-23,-19,-12,-37,-13,-10,-8,-37,-25,-20,-25,-41,-22,-32,-21,-22,-25,-64,-54,-65,-52,-64,-56,-56,-62,-68,-57,-64,-58,-65,-45,-77,-74,-77,-56,-77,-77,-77,-76,-83,-70,-84,-84,-84,-58,-116,-78,-362,-329,-340,-340,-276,-252,-396,-367,-405,-385,-419,-408,-403,-392,-539,-533,-508,-466,-648,-655,-597,-583]} 1. e4 e6 2. d4 d5 3. Nd2 c5 4. exd5 Qxd5 5. Ngf3 cxd4 6. Bc4 Qd7 {C07: French Tarrasch: 3...c5, 4 Ngf3 and 4 exd5 Qxd5} 7. O-O Nc6 8. Nb3 a6 {White has an edge.} 9. Nbxd4 Nxd4 10. Nxd4 Qc7 11. Qe2 Bd6 12. h3 (12. Nf5 $5) 12... Ne7 13. Re1 O-O 14. Nf3 b5 15. Bd3 Bb7 16. Ng5 $146 ({Predecessor:} 16. a4) 16... h6 17. Ne4 Bh2+ 18. Kh1 $1 Bf4 19. Bxf4 Qxf4 20. a4 b4 21. Kg1 a5 22. Qd2 Ng6 (22... Qh4 {is more complex.} 23. Qe3 Rfd8 24. Rad1 Bc6 25. b3 Nd5) 23. Bf1 Rfd8 24. Qxf4 Nxf4 25. Nc5 Bd5 26. Nd3 Nxd3 27. Bxd3 Rac8 28. Rad1 g5 29. f3 Kg7 30. Kf2 Kf6 31. Ke3 Bc6 32. Rd2 Rd5 ({But not} 32... Bxa4 33. Ra1 $11) 33. b3 Rcd8 34. Kf2 h5 {[%cal Bh6h5,Bh5h4][%mdl 32]} 35. Rde2 Rd4 36. Ke3 h4 37. Rf2 e5 38. Rd2 Ke7 39. Rc1 (39. Red1 $15) 39... Bb7 40. c3 $2 {[%mdl 8192]} (40. Rcd1 $17) 40... bxc3 $19 41. Rxc3 {[#]} Ba6 $1 {[%mdl 512]} 42. Rc7+ (42. Bxa6 Rxd2) 42... Kf8 43. Bxa6 (43. Rc3 $142) 43... Rxd2 {[%mdl 4096] Endgame KRR-KRB} 44. Bc4 {[#]} R8d7 $1 45. Rc5 Rxg2 46. Rxa5 Re7 47. Ra8+ {[#]} Kg7 $1 {Black is clearly winning.} 48. a5 Rg3 49. Ke4 Rxh3 50. a6 Rh1 {Precision: White = 42%, Black = 85%.} 0-1

[Event "36th Zalakaros Festival 2017"]
[Site "Zalakaros"]
[Date "2017.05.20"]
[Round "3"]
[White "Livaic, Leon"]
[Black "Nabaty, Tamir"]
[Result "0-1"]
[WhiteElo "2464"]
[BlackElo "2640"]
[Annotator "TA"]
[PlyCount "102"]
[EventDate "2017.??.??"]
[EventType "swiss"]
[EventCountry "HUN"]
[SourceTitle "playchess.com"]
[Source "ChessBase"]
[SourceQuality "1"]

{[%evp 12,102,-5,0,61,55,150,27,28,28,17,15,16,24,26,-64,20,23,70,73,70,70,69,-21,-22,-22,-20,-25,-22,-1,0,-145,-93,-132,-57,-122,-127,-103,-73,-64,-60,-60,-60,-60,-60,-66,-59,-72,-67,-72,-60,-77,-52,-52,-52,-52,-52,-218,-216,-221,-211,-229,-193,-310,-294,-299,-274,-305,-288,-274,-256,-245,-234,-468,-489,-814,-1452,-1373,-1343,-1297,-1241,-1176,-841,-851,-644,-29966,-29967,-29967,-29966,-29972,-29973,-29971,-29972]} 1. d4 Nf6 2. c4 e6 3. Nf3 d5 4. Nc3 c6 5. cxd5 exd5 6. Qc2 g6 7. Bg5 {LiveBook: 210 Games} Bf5 {D35: Queen's Gambit Declined: Exchange Variation} ({Better is} 7... Be7 $11) (7... Be7 8. e3 Bf5 9. Bd3 Bxd3 10. Qxd3 Nbd7 11. Bh6 a5 12. O-O Bf8 13. Bf4 Be7 14. h3 O-O 15. Nd2 Re8 16. Rae1 Nh5 17. Bh2 f5 18. Re2 Nhf6 19. f3 {1-0 (32) Ivanchuk,V (2710)-Wang,H (2717) Huaian 2016}) 8. Qb3 $14 Nbd7 {[#]} ({Black should try} 8... Bc8 $14) 9. Qxb7 ({Only move:} 9. e4 $1 $16 {[%cal Re4f5]} Bxe4 10. Nxe4 (10. Qxb7 Bxf3 11. gxf3 Bg7 $14) 10... dxe4 11. Ne5 Nxe5 12. dxe5 Qa5+ 13. Bd2 Qxe5 14. Qxb7) 9... Rb8 $1 $11 {[%cal Rb8b7] White has an edge.} 10. Qxc6 Rxb2 {White must now prevent ...Bb4.} 11. Bxf6 (11. Nxd5 $2 Qa5+ 12. Qc3 (12. Nc3 $2 Bb4 $19) 12... Qxc3+ 13. Nxc3 Bb4 $19) 11... Qxf6 12. Qc8+ Qd8 13. Qxd8+ Kxd8 14. a3 $1 (14. Nxd5 Be4 $15) 14... Bg7 $146 ({Predecessor:} 14... Nb6 15. Ne5 {0-1 (36) Klukin,K (2025)-Ganichev,A (2227) St Petersburg 2012}) 15. e3 Nc5 16. Be2 ({Much weaker is} 16. Nxd5 $6 Nb3 $11) 16... Kd7 17. Nxd5 (17. Bb5+ $14 Ke6 18. Ng5+ Kf6 19. h4) 17... Nb3 18. Rd1 {Hoping for Nf4.} Bc2 $1 19. O-O Bxd1 20. Bxd1 Rc8 21. Ng5 (21. g4 $11) 21... Rc1 (21... Nd2 $142 22. Nxf7 h5) 22. Bxb3 ({But not} 22. Nxh7 $2 Rbb1 $19) 22... Rxf1+ 23. Kxf1 {And now Ba4+ would win.} Rxb3 $17 {[%mdl 4096] Endgame KRB-KNN} 24. a4 Ra3 25. Ne4 Bf8 26. Nec3 $1 {[#]} Bb4 $1 {[%mdl 512]} 27. Nxb4 {Threatens to win with Ne4.} Rxc3 $15 {KR-KN} 28. Ke2 Kd6 {[%mdl 1024] Black has compensation.} 29. Nd3 f5 30. Nc5 g5 31. Kf3 Rc2 32. h3 Kd5 33. g4 {[#]} f4 $1 {[%mdl 512]} 34. a5 $2 (34. Ne4 $15) (34. exf4 Rc3+) 34... fxe3 35. fxe3 Rh2 36. Kg3 Rh1 37. a6 (37. Kf2 {was called for.}) 37... Rf1 $19 38. Kg2 Rf7 39. Kg3 h6 40. Kg2 Kc4 41. Kg3 {and the idea Kg2 leaves White hopeful.} Kc3 42. Kg2 $2 {[#]} (42. h4) 42... Kd2 $1 43. d5 (43. e4 $142 Ke3 44. d5 Rf2+ 45. Kg3) 43... Kxe3 44. d6 Rf2+ 45. Kg3 Rd2 46. d7 Rd5 47. h4 Rd2 48. h5 Rd1 {Black mates.} 49. Kg2 Rd5 50. Kf1 Kf3 {[%cal Rd5d1]} 51. Ke1 Rd6 {Precision: White = 54%, Black = 74%.} 0-1

[Event "36th Zalakaros Festival 2017"]
[Site "Zalakaros"]
[Date "2017.05.20"]
[Round "3"]
[White "Puranik, Abhimanyu"]
[Black "Svane, Rasmus"]
[Result "1-0"]
[WhiteElo "2459"]
[BlackElo "2573"]
[Annotator "TA"]
[PlyCount "85"]
[EventDate "2017.??.??"]
[EventType "swiss"]
[EventCountry "HUN"]
[SourceTitle "playchess.com"]
[Source "ChessBase"]
[SourceQuality "1"]

{[%evp 13,85,18,7,-40,-39,-33,-34,-81,-59,-66,-63,-62,-21,-25,-27,-26,137,138,120,72,120,111,85,0,0,0,0,0,6,-12,0,-130,-69,-183,-183,-137,-64,-131,-123,-117,-116,-89,-45,-62,-43,-52,-48,-28,-30,-47,114,-189,-189,-191,-192,-186,239,225,542,545,545,541,520,514,621,600,29986,29987,29987,29988,29992,29993,29993,29994]} 1. e4 {[%cal Be2e4,Be4e5][%mdl 32]} c6 2. Nf3 d5 3. Nc3 Nf6 4. e5 Ne4 5. Ne2 Qb6 6. d4 {B11: Caro-Kann: Two Knights Variation} e6 7. Nfg1 (7. Ng3 c5 8. Bd3 Nc6 9. Nxe4 dxe4 10. Bxe4 cxd4 11. O-O Bd7 12. a3 h6 13. Re1 {1-0 (71) Short,N (2675)-Caruana,F (2827) Caleta 2017}) 7... f6 {LiveBook: 62 Games} 8. exf6 {The position is equal.} Nxf6 9. Nf3 c5 10. Nf4 $146 ({Predecessor:} 10. c3 Nc6 11. Qb3 Bd6 12. Be3 Ng4 13. dxc5 Qxb3 14. axb3 Nxe3 15. fxe3 Bxc5 {0-1 (68) Maslova,P (1996)-Mirzoeva,E (2220) Moscow 2015}) 10... cxd4 11. Bd3 (11. Qxd4 $2 Bc5 $19) 11... Bd6 {Threatens to win with ...e5.} 12. O-O e5 13. Re1 $1 Nc6 14. Ng5 e4 $2 {[#]} (14... Bd7 $11) 15. Nxd5 $1 $16 {[%mdl 512]} Nxd5 16. Nxe4 (16. Rxe4+ Nde7 $15) 16... Nce7 17. c4 $1 Nf6 {[#] And now ...Nxe4 would win.} 18. Nxf6+ (18. c5 $1 $16 {[%mdl 512]} Bxc5 19. Nxc5 Qxc5 20. Bf4) 18... gxf6 $11 19. Qh5+ $1 Kd8 20. Bd2 a5 $1 21. Qf7 (21. Rac1 $5 {[%cal Rc4c5]} Qc5 22. Qf7 $11) 21... Bd7 22. g3 (22. a3 $1 $11) 22... Bc5 (22... Qxb2 $2 23. Qxf6 Re8 24. Qxd6 $18) (22... Nc6 $17 {aiming for ...Kc7.} 23. Bh6 (23. Qxf6+ Kc7 $17) 23... Kc8 24. Qxf6 Kc7) 23. Re2 (23. Qg7 $1 $15 Re8 24. Re2) 23... Ng6 $1 $19 24. Rae1 Rf8 (24... Qd6 $1 $17 25. f4 (25. Re6 $2 Rf8 $19) 25... Ra6) 25. Qg7 (25. Qxh7 $15 Ne5 26. Rxe5 fxe5 27. Rxe5) 25... Ne5 26. Rxe5 fxe5 27. Rxe5 Kc7 {Hoping for ...Bd6.} 28. Qg5 $1 Bb4 $1 {[%cal Rb4d2] White must now prevent ...Bxd2.} 29. Bf4 $1 {[%csl Gg5][%cal Re5c5]} Kc8 $1 {...Qf6 is the strong threat.} 30. a3 {[#]} h6 $1 31. Qg7 $1 (31. Qxh6 Qxh6) 31... Bd6 $2 (31... Bc5 $1 $15 {keeps the upper hand.}) 32. c5 $2 {[%mdl 8192]} (32. Rd5 $16 Rxf4 33. gxf4) 32... Bxc5 33. Rd5 {[%csl Gd5][%cal Rg7d7]} Be6 $1 {[%cal Re6d5]} 34. Rh5 {[#]} Rg8 $4 {[%mdl 8192] [#]} (34... Rf7 $1 $19 {[%cal Rf7g7]} 35. Qg6 Kd7) 35. Qe5 $1 $18 Bf8 $2 (35... Kd8 36. Rxh6 (36. Qxc5 Qxc5 37. Rxc5 Re8 $16) 36... Qd6) 36. Bf5 Kd7 37. Qd5+ Ke7 38. Bxe6 Rd8 39. Bd7 ({Weaker is} 39. Bxg8 Rxd5 40. Rxd5 Bg7 $14) 39... Bg7 {If only Black now had time for ...Qg6....} 40. Qe4+ {White mates.} Kf7 41. Rb5 Qf6 42. Qd5+ Ke7 43. Rxb7 {Precision: White = 53%, Black = 59%.} 1-0

[Event "36th Zalakaros Festival 2017"]
[Site "Zalakaros"]
[Date "2017.05.20"]
[Round "3"]
[White "Krzyzanowski, Marcin"]
[Black "Pultorak, Jan"]
[Result "1-0"]
[WhiteElo "2457"]
[BlackElo "2303"]
[Annotator "TA"]
[PlyCount "109"]
[EventDate "2017.??.??"]
[EventType "swiss"]
[EventCountry "HUN"]
[SourceTitle "playchess.com"]
[Source "ChessBase"]
[SourceQuality "1"]

{[%evp 13,109,72,69,64,105,35,159,135,329,332,333,319,315,309,308,313,300,324,323,298,309,120,120,119,120,118,109,106,106,106,106,102,120,102,117,117,123,110,118,120,122,121,117,115,123,115,143,143,161,154,160,152,151,147,135,149,207,214,223,216,223,218,214,198,203,218,203,201,301,294,311,302,494,484,603,596,731,596,585,585,579,542,544,508,714,707,1166,1208,1232,1174,1114,1091,1664,1832,2308,2464,29974,29973]} 1. e4 d5 2. exd5 Qxd5 3. Nc3 Qd6 4. d4 c6 5. Nf3 Bg4 6. h3 {B01: Scandinavian Defence} Bxf3 7. Qxf3 Qxd4 {LiveBook: 16 Games} 8. Bf4 {aiming for Nb5!White is slightly better.} Nd7 (8... e5 9. Bg5 Be7 10. Rd1 Qb6 11. Bc4 Nf6 12. Bxf6 gxf6 13. Qf5 {0-1 (20) Ivanchuk,V (2733)-Karpov,A (2619) Cap d'Agde 2013}) 9. Rd1 Qb6 $146 ({Black should try} 9... Qb4 $1 $14) ({Predecessor:} 9... Qb4 10. a3 Qb6 11. Rxd7 Kxd7 12. Bc4 Qd4 13. Bxf7 e5 14. Be3 Qd6 15. Ne4 Qc7 16. Bxg8 {1-0 (16) Rydstrom,T (2239)-Stefansson,V (2404) Stockholm 2017}) 10. Bc4 e6 $2 (10... Ndf6 $16) 11. Rxd7 $1 $18 Kxd7 12. Be3 Qb4 13. Qxf7+ Qe7 14. Bxe6+ $1 Kd8 15. Qf5 g6 16. Qd3+ Qd6 {[#]} 17. Qd4 $2 (17. Qc4 $1 $18 {is the precise move to win.}) 17... Qxd4 $16 18. Bxd4 Ke7 19. Bxh8 Kxe6 20. O-O Rd8 21. Re1+ Kf7 22. Ne4 {[%cal Re4g5]} h6 23. Bc3 Bg7 24. Bxg7 Kxg7 {[%mdl 4096] Endgame KRN-KRN} 25. Re2 b6 26. Rd2 Rxd2 27. Nxd2 {KN-KN} Kf6 28. Kf1 Ne7 29. Ke2 Ke5 30. g3 c5 31. Kd3 Nc6 32. Nc4+ Ke6 33. a4 Nb4+ 34. Kd2 Kd5 (34... h5 $16 35. c3 Nd5) 35. Ne3+ $18 Ke4 {[#]} 36. Ke2 $1 h5 37. c3 Nc6 38. f3+ {[%cal Bf2f3,Bf3f4][%mdl 32]} Ke5 39. Nc4+ Kf5 40. Ke3 Ne7 (40... g5 {was called for.} 41. g4+ hxg4) 41. f4 Ke6 42. Ke4 Nd5 $2 (42... Kf6 {keeps fighting.} 43. a5 Nc8) 43. Ne5 Ne7 {[#]} 44. Nxg6 $1 {[%mdl 512]} Nc8 (44... Nxg6 45. f5+) 45. g4 Nd6+ 46. Kd3 hxg4 47. hxg4 a6 48. Nf8+ Kd5 49. Nd7 b5 50. axb5 axb5 51. Nf6+ Ke6 52. Ne4 Nb7 53. b4 cxb4 54. cxb4 Kd5 55. Nc3+ {Precision: White = 87%, Black = 35%.} 1-0

[Event "36th Zalakaros Festival 2017"]
[Site "Zalakaros"]
[Date "2017.05.20"]
[Round "3"]
[White "Nguyen, Piotr"]
[Black "Risting, Eivind Olav"]
[Result "1-0"]
[WhiteElo "2453"]
[BlackElo "2297"]
[Annotator "TA"]
[PlyCount "73"]
[EventDate "2017.??.??"]
[EventType "swiss"]
[EventCountry "HUN"]
[SourceTitle "playchess.com"]
[Source "ChessBase"]
[SourceQuality "1"]

{[%evp 20,73,38,40,25,20,30,35,28,39,53,47,49,40,49,43,100,94,101,101,108,107,135,136,130,136,222,219,214,225,217,225,247,255,391,222,614,615,624,612,528,299,328,317,956,880,1082,1044,1214,1243,2438,2387,5795,3016,2872,2820]} 1. Nf3 Nf6 2. c4 e6 3. g3 d5 4. Bg2 Be7 5. O-O O-O 6. b3 c5 7. Bb2 b6 8. e3 Bb7 9. Nc3 Nbd7 10. Qe2 Ne4 11. cxd5 exd5 {A14: English Opening: 1...e6 with b3 by White} 12. Rfd1 Bf6 13. d4 Qe7 {White is slightly better.} (13... Nxc3 14. Bxc3 Re8 15. Rac1 Rc8 16. Qb2 c4 17. Nd2 cxb3 18. Qxb3 Nf8 {½-½ (43) Salem,A (2608)-Safarli,E (2678) Biel 2016}) 14. Rac1 Rac8 15. dxc5 Nxc3 16. Bxc3 bxc5 17. Qb5 Bc6 $146 ({Black should try} 17... Rc7 $14) ({Predecessor:} 17... Ba8 18. Qa5 Bxc3 19. Rxc3 {1-0 (35) Rajkovic,D (2460)-Kapelan,M (2335) Vrsac 1979}) 18. Qa5 Rfd8 19. Bxf6 (19. Qxa7 $6 Bxc3 20. Rxc3 Ra8 $11) 19... Qxf6 20. Ne1 (20. Qxa7 $6 d4 $11) 20... d4 21. exd4 (21. Qxa7 Bxg2 22. Nxg2 Ra8 $11) 21... Bxg2 22. Kxg2 {[%cal Rd4c5]} cxd4 {[#]} (22... Qb6 $16 {was necessary.} 23. Qxb6 axb6) 23. Rxc8 $1 $18 Rxc8 24. Qxa7 Qc6+ 25. Kg1 Nc5 26. Rc1 (26. Rxd4 $6 Re8) 26... Qe4 (26... Qe8 $142 27. Nf3 Ne6 28. Rxc8 Qxc8 29. Nxd4 Nxd4) 27. Qa5 ({Don't do} 27. b4 d3 $18) (27. Ng2 $142) 27... h5 $2 (27... Qe8 28. Nf3 (28. Rxc5 Rxc5 29. Qxc5 Qxe1+ 30. Kg2 Qe4+ 31. f3 Qe2+ 32. Kh3 Qf1+ 33. Kg4 h5+ 34. Kf4 Qd3 $11) 28... Ne6 29. Rxc8 Qxc8) 28. b4 {[%cal Bb3b4,Bb4c5,Bc5c6,Bc6c7][%mdl 32]} ({Weaker is} 28. Rxc5 Rxc5 29. Qxc5 Qxe1+ 30. Kg2 Qe4+ 31. f3 Qe2+ 32. Kh3 Qe6+ 33. g4 hxg4+ 34. fxg4 Qe3+ 35. Kg2 Qe2+ 36. Kg3 Qe3+ 37. Kg2 Qe2+ 38. Kg3 Qe3+ 39. Kg2 $11) 28... d3 {[#] ...d2 is the strong threat.} 29. bxc5 Qe2 {And now ...d2 would win.} 30. Nxd3 Qxd3 {[%mdl 4096] Endgame KQR-KQR} 31. c6 Qf3 $2 (31... h4 32. Qb6 Qd2) 32. h4 {White is clearly winning.} g6 33. c7 Qb7 34. Qe5 Qb6 35. a4 {[%cal Ba2a4,Ba4a5][%mdl 32]} Qa6 36. a5 Qb7 37. Qd6 {Precision: White = 81%, Black = 23%.} 1-0

[Event "36th Zalakaros Festival 2017"]
[Site "Zalakaros"]
[Date "2017.05.20"]
[Round "3"]
[White "Swayams, Mishra"]
[Black "Ganaus, Hannes"]
[Result "1-0"]
[WhiteElo "2448"]
[BlackElo "2271"]
[Annotator "TA"]
[PlyCount "55"]
[EventDate "2017.??.??"]
[EventType "swiss"]
[EventCountry "HUN"]
[SourceTitle "playchess.com"]
[Source "ChessBase"]
[SourceQuality "1"]

{[%evp 12,55,38,41,48,39,43,41,40,37,75,61,61,71,112,86,119,117,129,120,135,136,117,129,224,213,245,218,330,302,603,611,599,564,668,270,707,699,1187,1633,1611,1630,1596,1587,1551,1529]} 1. d4 Nf6 2. c4 g6 3. Nc3 Bg7 4. e4 d6 5. Be2 O-O 6. Be3 c5 7. d5 {LiveBook: 26 Games} a6 {E73: King's Indian: Averbakh Variation without 6...c5} (7... e6 8. Nf3 exd5 9. cxd5 b5 10. e5 dxe5 11. Bxc5 Re8 12. Bxb5 e4 13. Nd4 Nfd7 14. Ba3 Qb6 15. Nce2 Ba6 {½-½ (36) Gulko,B (2561)-Becerra Rivero,J (2609) Saint Louis 2009}) 8. a4 e6 9. Nf3 exd5 {White is slightly better.} 10. cxd5 Ng4 $146 ({Predecessor:} 10... Bg4 11. O-O Bxf3 12. Bxf3 Re8 13. Qc2 Nbd7 14. Be2 Qc7 15. g4 h6 16. h4 h5 17. gxh5 gxh5 18. f3 Ne5 19. Kf2 Rab8 20. Rg1 {1-0 (33) Stathopoulos,I (2387)-Assaubayeva,B (2177) Moscow 2017}) 11. Bg5 f6 12. Bh4 b6 13. O-O Ra7 14. Nd2 Nh6 15. Nc4 Re7 16. Qb3 Rb7 17. f4 Nf7 {[#]} (17... Qc7 $16 {keeps fighting.} 18. Bg3 Re8) 18. e5 $1 $18 {[%cal Re5e6]} g5 19. exf6 Bxf6 (19... Qxf6 {is a better defense.} 20. fxg5 Qg6) 20. fxg5 Nxg5 $2 (20... Bxg5 21. Bg3 b5) 21. Bxg5 Bxg5 22. Ne4 Rg7 {and the idea ...Bf4 leaves Black hopeful.} 23. Ncxd6 (23. Rxf8+ $142 Qxf8 24. Ncxd6) 23... Bd7 $2 (23... Bf4) 24. Rxf8+ {White is clearly winning.} Kxf8 25. Rf1+ Kg8 {[#]} 26. Nf7 $1 {[%mdl 512]} Rxf7 27. d6 Be3+ 28. Kh1 {Precision: White = 80%, Black = 35%.} 1-0

[Event "36th Zalakaros Festival 2017"]
[Site "Zalakaros"]
[Date "2017.05.20"]
[Round "3"]
[White "Nagy, Gabor"]
[Black "Prohaszka, Peter"]
[Result "1/2-1/2"]
[WhiteElo "2446"]
[BlackElo "2596"]
[Annotator "TA"]
[PlyCount "38"]
[EventDate "2017.??.??"]
[EventType "swiss"]
[EventCountry "HUN"]
[SourceTitle "playchess.com"]
[Source "ChessBase"]
[SourceQuality "1"]

{[%evp 18,38,15,27,22,27,6,0,0,0,0,0,0,0,0,0,0,0,39,0,0,0,16]} 1. e4 c6 2. d4 d5 3. Nd2 {[%cal Bb1d2,Bd2e4,Be4g3][%mdl 32]} dxe4 4. Nxe4 Bf5 5. Ng3 Bg6 6. h4 h6 7. Nf3 e6 8. Ne5 Bh7 9. Bd3 Bxd3 10. Qxd3 Nd7 {B19: Classical Caro-Kann: 4...Bf5 main line} 11. f4 Be7 12. Bd2 Nxe5 13. fxe5 Bxh4 14. O-O-O {Strongly threatening Nh5.} Bxg3 $1 15. Qxg3 Ne7 16. Qxg7 (16. Bb4 Nf5 17. Qf4 g5 18. Qf2 {½-½ (43) Wei,Y (2706)-Giri,A (2773) Wijk aan Zee 2017}) 16... Rg8 17. Qxh6 Qd5 18. Bg5 Qxa2 {[#] Hoping for ...Qa1+.} 19. c3 $146 {Black must now prevent Bxe7.} c5 1/2-1/2